|
|
|
|
| LEADER |
00000nam a22000007a 4500 |
| 005 |
20210421220744.0 |
| 007 |
cr|||| |||| |
| 008 |
210421s2012 br |||||s|||| 00||0 por d |
| 020 |
|
|
|a 978-85-64912-24-3
|
| 035 |
|
|
|a 33003
|
| 040 |
|
|
|a vLex
|
| 090 |
|
|
|c 11491
|d 11491
|
| 100 |
1 |
|
|a Leal Moraes, Anderson Jn︢io
|
| 245 |
1 |
0 |
|a Audin̊cias pb︢licas e legitimaȯ̂ da jurisdiȯ̂ constitucional
|h [Recurso electrn̤ico] /
|c Anderson Jn︢io Leal Moraes
|
| 256 |
|
|
|a Servicio en ln̕ea
|
| 260 |
|
|
|a Belo Horizonte:
|b Initia Via Editora,
|c 2012
|
| 300 |
|
|
|a 1 recurso electrn̤ico
|
| 506 |
1 |
|
|a Disponible solo en los productos indicados
|d vLex Global
|d vLex Global (Academic Edition, excluding Law Schools)
|d vLex Global (U.S. Academic Edition, Law Schools)
|d vLex Global (U.S. Academic Edition, excluding Law Schools)
|d vLex Global (Academic Edition, Law Schools)
|
| 650 |
0 |
4 |
|a Derecho Constitucional
|z Brasil
|
| 740 |
0 |
|
|a vLex Libros (Servicio en ln̕ea)
|
| 856 |
4 |
0 |
|u https://vlex.com/source/audi-ncias-publicas-legitima-o-jurisdi-o-constitucional-33003
|z Acceso restringido
|
| 942 |
|
|
|c BOOK
|
| 999 |
0 |
|
|a Constitutional right
|